000 00541nmm a2200169Ia 4500
008 251105s9999||||xx |||||||||||||||||und||
020 _a9789681668952
041 _aspa
100 _aAlatorre, Antonio
245 0 _aEl sueño erótico en la poesía española de los siglos de oro
264 _a[México D.C., Mexico] :
_bFondo de Cultura Económica,
_c2014
300 _a199 páginas
490 _aLengua y Estudios Literarios
650 _aSpanish literature
856 _uhttps://public.digitaliapublishing.com/a/43606
942 _cCF
999 _c96944
_d96944